Capitals to Countries Quiz - Statistics

General Stats
  • This quiz has been taken 3,398 times
    3,198 since last reset
  • The average score is 130 of 196
Answer Stats
Hint Answer % Correct
Amsterdam Netherlands
96%
Abu Dhabi United Arab Emirates
96%
Athens Greece
95%
Andorra la Vella Andorra
94%
Algiers Algeria
93%
Beijing China
93%
Bangkok Thailand
93%
Berlin Germany
92%
Brasilia Brazil
91%
Cairo Egypt
91%
Dublin Ireland
91%
Buenos Aires Argentina
90%
Brussels Belgium
90%
Copenhagen Denmark
90%
Guatemala City Guatemala
90%
Budapest Hungary
90%
Baghdad Iraq
90%
Ankara Turkey
90%
Djibouti Djibouti
89%
Jerusalem Israel
89%
Kuwait City Kuwait
89%
Luxembourg Luxembourg
89%
Mexico City Mexico
89%
Bloemfontein, Cape Town, & Pretoria South Africa
89%
Madrid Spain
89%
London United Kingdom
89%
Canberra Australia
88%
Helsinki Finland
88%
Paris France
88%
New Delhi India
88%
Monaco Monaco
88%
Panama City Panama
88%
Lisbon Portugal
88%
Moscow Russia
88%
Bern Switzerland
88%
Kyiv Ukraine
88%
Ottawa Canada
87%
Havana Cuba
87%
Jakarta Indonesia
86%
Rome Italy
86%
Oslo Norway
86%
Lima Peru
86%
Bucharest Romania
86%
Bogotá Colombia
85%
Prague Czech Republic
85%
Beirut Lebanon
85%
Hanoi Vietnam
85%
Reykjavik Iceland
84%
Singapore Singapore
84%
Seoul South Korea
84%
Pyongyang North Korea
83%
Islamabad Pakistan
83%
San Marino San Marino
83%
Belgrade Serbia
83%
Stockholm Sweden
83%
Bissau Guinea-Bissau
82%
Manila Philippines
82%
Bratislava Slovakia
82%
Damascus Syria
82%
Minsk Belarus
81%
Kingston Jamaica
81%
Tokyo Japan
81%
Nairobi Kenya
81%
Kuala Lumpur Malaysia
81%
Kabul Afghanistan
80%
San Salvador El Salvador
80%
São Tomé São Tomé & Príncipe
80%
Kathmandu Nepal
79%
Doha Qatar
79%
Washington, D.C. United States of America
79%
Vatican City Vatican City
79%
Caracas Venezuela
79%
Vienna Austria
78%
Santiago Chile
78%
Addis Ababa Ethiopia
78%
Taipei Taiwan
78%
Sofia Bulgaria
77%
Warsaw Poland
77%
Riyadh Saudi Arabia
77%
Tehran Iran
76%
Tunis Tunisia
76%
Montevideo Uruguay
76%
La Paz & Sucre Bolivia
75%
Amman Jordan
75%
Asunción Paraguay
75%
Ljubljana Slovenia
75%
Sarajevo Bosnia & Herzegovina
74%
Phnom Penh Cambodia
74%
Riga Latvia
74%
Baku Azerbaijan
73%
Chișinău Moldova
73%
Wellington New Zealand
73%
Quito Ecuador
72%
Tallinn Estonia
72%
Dhaka Bangladesh
70%
Port-au-Prince Haiti
70%
Muscat Oman
70%
Sri Jayewardenepura Kotte Sri Lanka
70%
Zagreb Croatia
69%
Santo Domingo Dominican Republic
69%
Rabat Morocco
69%
Nassau Bahamas
68%
Nicosia Cyprus
68%
Ulaanbaatar Mongolia
68%
Accra Ghana
67%
Abuja Nigeria
67%
Skopje North Macedonia
67%
Tbilisi Georgia
65%
Astana Kazakhstan
65%
Antananarivo Madagascar
65%
Ashgabat Turkmenistan
65%
Tirana Albania
64%
Pristina Kosovo
64%
Vilnius Lithuania
64%
Dakar Senegal
64%
Tripoli Libya
63%
Valletta Malta
63%
Podgorica Montenegro
63%
San Jose Costa Rica
61%
Brazzaville Republic of the Congo
61%
Bandar Seri Begawan Brunei
60%
Kinshasa Democratic Republic of the Congo
60%
Bishkek Kyrgyzstan
60%
Mogadishu Somalia
60%
Khartoum Sudan
60%
Malé Maldives
59%
Sana'a Yemen
59%
Dili East Timor
58%
Vaduz Liechtenstein
58%
Tashkent Uzbekistan
56%
Belmopan Belize
55%
Georgetown Guyana
55%
Managua Nicaragua
55%
Port of Spain Trinidad & Tobago
55%
Bridgetown Barbados
54%
Paramaribo Suriname
54%
Freetown Sierra Leone
53%
Harare Zimbabwe
53%
Luanda Angola
52%
Tegucigalpa Honduras
52%
Naypyidaw Myanmar
52%
Ouagadougou Burkina Faso
51%
Monrovia Liberia
51%
Port Moresby Papua New Guinea
51%
Juba South Sudan
50%
Dushanbe Tajikistan
50%
Kampala Uganda
50%
Yerevan Armenia
49%
Thimphu Bhutan
49%
N'Djamena Chad
49%
Vientiane Laos
49%
Apia Samoa
49%
Windhoek Namibia
48%
Kigali Rwanda
48%
Funafuti Tuvalu
46%
Manama Bahrain
45%
Suva Fiji
45%
Castries St. Lucia
45%
Dodoma Tanzania
45%
Conakry Guinea
44%
Cotonou & Porto Novo Benin
43%
Gaborone Botswana
43%
Lilongwe Malawi
43%
Bamako Mali
43%
Niamey Niger
43%
Kingstown St. Vincent & the Grenadines
43%
Lomé Togo
43%
Asmara Eritrea
42%
Basseterre St. Kitts & Nevis
42%
Roseau Dominica
41%
Libreville Gabon
41%
Victoria Seychelles
41%
Lusaka Zambia
41%
St. John's Antigua & Barbuda
38%
Nouakchott Mauritania
38%
Maputo Mozambique
38%
Nuku'alofa Tonga
38%
Praia Cape Verde
37%
Bangui Central African Republic
37%
Port Louis Mauritius
37%
Yaoundé Cameroon
36%
Mbabane Eswatini
36%
Banjul Gambia
36%
Honiara Solomon Islands
36%
St. George's Grenada
35%
Port Vila Vanuatu
35%
Yamoussoukro Ivory Coast
34%
Ngerulmud Palau
34%
Gitega Burundi
33%
Moroni Comoros
33%
Palikir Federated States of Micronesia
32%
South Tarawa Kiribati
32%
Maseru Lesotho
32%
Majuro Marshall Islands
30%
Ciudad de la Paz Equatorial Guinea
28%
Yaren Nauru
27%
No matching quizzes found
Score Distribution
Percent of People with Each Score
Percentile by Number Answered
Your Score History
You have not taken this quiz since the last reset